|
|
|
|
| LEADER |
01298cam a2200301 a 4500 |
| 001 |
c000388864 |
| 003 |
CARM |
| 005 |
20130221123553.0 |
| 008 |
120228s1996 dcua b 000 0 eng d |
| 019 |
1 |
|
|a 13119555
|5 LACONCORD2021
|
| 020 |
|
|
|a 1878240471 (pbk.)
|
| 035 |
|
|
|a (OCoLC)35660972
|5 LACONCORD2021
|
| 040 |
|
|
|a VVUT
|b eng
|c VVUT
|
| 043 |
|
|
|a n-us-wa
|
| 082 |
0 |
4 |
|a 378.110973
|2 21
|
| 100 |
1 |
|
|a Johnsrud, Linda K.
|
| 245 |
1 |
0 |
|a Maintaining morale :
|b a guide to assessing the morale of midlevel administrators and faculty /
|c by Linda K. Johnsrud.
|
| 260 |
|
|
|a Washington, D.C. :
|b College and University Personnel Association,
|c c1996.
|
| 300 |
|
|
|a viii, 148 p. :
|b ill. ;
|c 26 cm.
|
| 504 |
|
|
|a Includes bibliographical references.
|
| 650 |
|
0 |
|a Employee morale
|z United States.
|
| 650 |
|
0 |
|a Universities and colleges
|z United States
|x Administration.
|
| 650 |
|
0 |
|a Universities and colleges
|z United States
|x Faculty and College teachers.
|
| 650 |
|
0 |
|a College administrators
|z United States.
|
| 710 |
2 |
|
|a College and University Personnel Association
|
| 852 |
8 |
|
|b CARM
|h A3:AF31F0
|i C12688
|p 0578463
|f BK
|
| 999 |
f |
f |
|i 3f386cdb-4e24-5804-b0f5-bee369868f92
|s 743d292f-bb6e-5804-874d-c40b81d70cbb
|
| 952 |
f |
f |
|p Can circulate
|a CAVAL
|b CAVAL
|c CAVAL
|d CARM 1 Store
|e C12688
|f A3:AF31F0
|h Other scheme
|i book
|m 0578463
|